Name the Pop Girls by their songs - Statistics

General Stats
  • This quiz has been taken 86 times
  • The average score is 16 of 21
Answer Stats
Hint Answer % Correct
Easy on me, Hello, someone like you Adele
97%
Anti-hero, Fortnight, Style Taylor swift
92%
Toxic, if u seek Amy, crazy Britney Spears
91%
Rude boy, Work, Diamonds Rihanna
91%
Baby boy, Texas hold’em, Formation Beyonce
88%
Espresso, Juno, taste Sabrina Carpenter
88%
Lunch, Birds of a feather, NDA Billie eilish
86%
Abracadabra, Rain on me, LoveGame Lady Gaga
86%
Cannibal, TikTok, Praying Kesha
83%
Harleys in Hawaii, Firework, swish swish Katy Perry
80%
pov, yes and, problem Ariana Grande
79%
bad idea right, obsessed, vampire Olivia rodrigo
79%
Born to die, Summertime sadness, Lust for life Lana del rey
76%
Snooze, Kill bill, nobody gets me Sza
75%
Like a prayer, hung up, 4 minutes Madonna
71%
360, party 4 u, I love it Charli XCX
67%
Angels like you, Malibu, The climb Miley Cyrus
66%
Cool for the summer, Heart Attack Demi lovato
63%
Hands to myself, Rare, Bluest flame Selena Gomez
55%
The giver, Pink pony club Chapell roan
53%
Meant to be, I’m a mess, I’m good Bebe rexah
7%
No matching quizzes found
Score Distribution
Percent of People with Each Score
Percentile by Number Answered
Your Score History
You have not taken this quiz